[Event "April 9 Late 2024"]
[Site "Chess.com"]
[Date "2024.04.09"]
[Round "1"]
[White "Gorovets, Andrey"]
[Black "Arnold, Ken"]
[Result "1-0"]
[Board "92"]
[WhiteFideId "13504037"]
[BlackFideId "2056836"]
[WhiteTitle "GM"]
[WhiteElo "2759"]
[BlackElo "2411"]
[WhiteTeam "BLR"]
[BlackTeam "USA"]
[WhiteClock "0:00:11"]
[BlackClock "0:00:06"]
[Variant "Standard"]

1. Nf3 {[%clk 0:03:00]}  d5 {[%clk 0:02:59]} 2. g3 {[%clk 0:03:00]}  Nf6 {[%clk 0:02:59]} 3. Bg2 {[%clk 0:03:00]}  g6 {[%clk 0:03:00]} 4. d4 {[%clk 0:03:01]}  Bg7 {[%clk 0:03:00]} 5. c4 {[%clk 0:03:01]}  O-O {[%clk 0:03:00]} 6. cxd5 {[%clk 0:03:01]}  Nxd5 {[%clk 0:03:00]} 7. O-O {[%clk 0:03:01]}  c6 {[%clk 0:02:58]} 8. e4 {[%clk 0:02:59]}  Nc7 {[%clk 0:02:58]} 9. h3 {[%clk 0:02:54]}  Nd7 {[%clk 0:02:49]} 10. e5 {[%clk 0:02:41]}  Nb6 {[%clk 0:02:45]} 11. Nc3 {[%clk 0:02:35]}  Be6 {[%clk 0:02:42]} 12. b3 {[%clk 0:02:34]}  Qd7 {[%clk 0:02:33]} 13. Kh2 {[%clk 0:02:29]}  Rad8 {[%clk 0:02:32]} 14. Ne4 {[%clk 0:02:17]}  Na6 {[%clk 0:02:32]} 15. Ba3 {[%clk 0:02:15]}  Bd5 {[%clk 0:02:28]} 16. Qe2 {[%clk 0:02:12]}  Rfe8 {[%clk 0:02:22]} 17. Rfd1 {[%clk 0:02:00]}  h6 {[%clk 0:02:20]} 18. Nfd2 {[%clk 0:01:48]}  Qc8 {[%clk 0:02:04]} 19. Nc4 {[%clk 0:01:40]}  Kh7 {[%clk 0:01:47]} 20. Rac1 {[%clk 0:01:39]}  f5 {[%clk 0:01:32]} 21. Nc5 {[%clk 0:01:15]}  Nxc5 {[%clk 0:01:31]} 22. Bxc5 {[%clk 0:01:03]}  Nxc4 {[%clk 0:01:26]} 23. bxc4 {[%clk 0:00:55]}  Bxg2 {[%clk 0:01:24]} 24. Kxg2 {[%clk 0:00:56]}  b6 {[%clk 0:01:22]} 25. Ba3 {[%clk 0:00:55]}  Qa6 {[%clk 0:01:17]} 26. Qf3 {[%clk 0:00:40]}  b5 {[%clk 0:01:00]} 27. cxb5 {[%clk 0:00:34]}  cxb5 {[%clk 0:00:59]} 28. Rc6 {[%clk 0:00:24]}  Qa4 {[%clk 0:00:59]} 29. Bc5 {[%clk 0:00:21]}  Qxa2 {[%clk 0:00:50]} 30. Rc7 {[%clk 0:00:19]}  Qd5 {[%clk 0:00:34]} 31. Bxe7 {[%clk 0:00:14]}  Qxf3+ {[%clk 0:00:32]} 32. Kxf3 {[%clk 0:00:15]}  Rc8 {[%clk 0:00:26]} 33. Rxa7 {[%clk 0:00:14]}  Kg8 {[%clk 0:00:24]} 34. e6 {[%clk 0:00:14]}  Rc3+ {[%clk 0:00:19]} 35. Kg2 {[%clk 0:00:14]}  Rc2 {[%clk 0:00:18]} 36. d5 {[%clk 0:00:13]}  b4 {[%clk 0:00:13]} 37. Bxb4 {[%clk 0:00:12]}  Rb2 {[%clk 0:00:11]} 38. Be1 {[%clk 0:00:11]}  f4 {[%clk 0:00:09]} 39. gxf4 {[%clk 0:00:11]}  Rf8 {[%clk 0:00:06]} 40. d6 {[%clk 0:00:11]} 1-0

[Event "April 9 Late 2024"]
[Site "Chess.com"]
[Date "2024.04.09"]
[Round "1"]
[White "Zampronha, Wladimir Camilo"]
[Black "Tristan, Leonardo"]
[Result "0-1"]
[Board "93"]
[WhiteFideId "2103087"]
[BlackFideId "113816"]
[BlackTitle "GM"]
[WhiteElo "2410"]
[BlackElo "2752"]
[WhiteTeam "BRA"]
[BlackTeam "ARG"]
[WhiteClock "0:01:15"]
[BlackClock "0:02:38"]
[Variant "Standard"]

1. e4 {[%clk 0:03:00]}  d5 {[%clk 0:02:59]} 2. exd5 {[%clk 0:03:00]}  Qxd5 {[%clk 0:03:00]} 3. Nc3 {[%clk 0:03:00]}  Qa5 {[%clk 0:03:00]} 4. d4 {[%clk 0:03:00]}  Nf6 {[%clk 0:03:01]} 5. Nf3 {[%clk 0:02:58]}  Bf5 {[%clk 0:03:01]} 6. Bc4 {[%clk 0:02:55]}  e6 {[%clk 0:03:01]} 7. Bd2 {[%clk 0:02:55]}  Bb4 {[%clk 0:03:01]} 8. Qe2 {[%clk 0:02:52]}  O-O {[%clk 0:02:56]} 9. O-O-O {[%clk 0:02:46]}  Nc6 {[%clk 0:02:56]} 10. a3 {[%clk 0:02:24]}  Bxa3 {[%clk 0:02:56]} 11. bxa3 {[%clk 0:02:20]}  Qxa3+ {[%clk 0:02:57]} 12. Kb1 {[%clk 0:02:08]}  b5 {[%clk 0:02:58]} 13. Ba2 {[%clk 0:01:59]}  b4 {[%clk 0:02:53]} 14. Nb5 {[%clk 0:01:47]}  Bxc2+ {[%clk 0:02:47]} 15. Kxc2 {[%clk 0:01:25]}  Qxa2+ {[%clk 0:02:47]} 16. Kd3 {[%clk 0:01:25]}  Qb3+ {[%clk 0:02:38]} 17. Nc3 {[%clk 0:01:19]}  bxc3 {[%clk 0:02:38]} 18. Bxc3 {[%clk 0:01:20]}  Nb4+ {[%clk 0:02:38]} 19. Kd2 {[%clk 0:01:15]}  Qc2+ {[%clk 0:02:38]} 0-1

[Event "April 9 Late 2024"]
[Site "Chess.com"]
[Date "2024.04.09"]
[Round "1"]
[White "Lima, Artur Tin Lun Dai"]
[Black "Nasuta, Grzegorz"]
[Result "0-1"]
[Board "99"]
[WhiteFideId "22773150"]
[BlackFideId "1141686"]
[BlackTitle "GM"]
[WhiteElo "2398"]
[BlackElo "2723"]
[WhiteTeam "BRA"]
[BlackTeam "POL"]
[WhiteClock "0:00:45"]
[BlackClock "0:01:16"]
[Variant "Standard"]

1. d4 {[%clk 0:02:58]}  d5 {[%clk 0:02:57]} 2. c4 {[%clk 0:02:57]}  e6 {[%clk 0:02:58]} 3. Nc3 {[%clk 0:02:57]}  c6 {[%clk 0:02:58]} 4. cxd5 {[%clk 0:02:53]}  exd5 {[%clk 0:02:57]} 5. Nf3 {[%clk 0:02:52]}  Bf5 {[%clk 0:02:54]} 6. Qb3 {[%clk 0:02:51]}  Qb6 {[%clk 0:02:46]} 7. Qxb6 {[%clk 0:02:50]}  axb6 {[%clk 0:02:47]} 8. Nh4 {[%clk 0:02:50]}  Be6 {[%clk 0:02:44]} 9. Bf4 {[%clk 0:02:42]}  h6 {[%clk 0:02:40]} 10. Bg3 {[%clk 0:02:39]}  Nf6 {[%clk 0:02:39]} 11. e3 {[%clk 0:02:39]}  b5 {[%clk 0:02:35]} 12. Bd3 {[%clk 0:02:33]}  Nbd7 {[%clk 0:02:35]} 13. Nf5 {[%clk 0:02:26]}  Bxf5 {[%clk 0:02:21]} 14. Bxf5 {[%clk 0:02:27]}  Nb6 {[%clk 0:02:20]} 15. Ke2 {[%clk 0:02:12]}  Bb4 {[%clk 0:01:51]} 16. Rhc1 {[%clk 0:02:06]}  Ke7 {[%clk 0:01:50]} 17. h3 {[%clk 0:01:46]}  Bd6 {[%clk 0:01:47]} 18. Bxd6+ {[%clk 0:01:43]}  Kxd6 {[%clk 0:01:48]} 19. b3 {[%clk 0:01:43]}  Ra3 {[%clk 0:01:44]} 20. Nb1 {[%clk 0:01:41]}  Ra7 {[%clk 0:01:43]} 21. Nd2 {[%clk 0:01:41]}  Rha8 {[%clk 0:01:43]} 22. Rc2 {[%clk 0:01:39]}  Ra3 {[%clk 0:01:42]} 23. g4 {[%clk 0:01:37]}  Nbd7 {[%clk 0:01:35]} 24. f3 {[%clk 0:01:26]}  Nb8 {[%clk 0:01:36]} 25. Nb1 {[%clk 0:01:18]}  Rxb3 {[%clk 0:01:33]} 26. axb3 {[%clk 0:01:07]}  Rxa1 {[%clk 0:01:34]} 27. Nd2 {[%clk 0:01:07]}  g6 {[%clk 0:01:31]} 28. Bd3 {[%clk 0:00:59]}  Na6 {[%clk 0:01:31]} 29. e4 {[%clk 0:00:56]}  dxe4 {[%clk 0:01:29]} 30. fxe4 {[%clk 0:00:55]}  Ke7 {[%clk 0:01:25]} 31. Rc3 {[%clk 0:00:50]}  Rh1 {[%clk 0:01:20]} 32. Bc2 {[%clk 0:00:49]}  Nb4 {[%clk 0:01:19]} 33. Bd1 {[%clk 0:00:49]}  Rh2+ {[%clk 0:01:18]} 34. Ke1 {[%clk 0:00:45]}  Rxd2 {[%clk 0:01:16]} 0-1

[Event "April 9 Late 2024"]
[Site "Chess.com"]
[Date "2024.04.09"]
[Round "1"]
[White "Valiyev, Shahin"]
[Black "Papasimakopoulos, Alexandros"]
[Result "0-1"]
[Board "101"]
[WhiteFideId "13424203"]
[BlackFideId "4244125"]
[WhiteTitle "FM"]
[BlackTitle "FM"]
[WhiteElo "2391"]
[BlackElo "2711"]
[WhiteTeam "AZE"]
[BlackTeam "GRE"]
[WhiteClock "0:00:00"]
[BlackClock "0:01:09"]
[Variant "Standard"]

1. e4 {[%clk 0:02:59]}  e6 {[%clk 0:02:59]} 2. d4 {[%clk 0:02:59]}  d5 {[%clk 0:02:58]} 3. Nd2 {[%clk 0:02:59]}  Nf6 {[%clk 0:02:58]} 4. e5 {[%clk 0:02:59]}  Nfd7 {[%clk 0:02:58]} 5. Bd3 {[%clk 0:03:00]}  c5 {[%clk 0:02:59]} 6. c3 {[%clk 0:03:00]}  b5 {[%clk 0:02:59]} 7. Ne2 {[%clk 0:02:57]}  b4 {[%clk 0:03:00]} 8. O-O {[%clk 0:02:56]}  bxc3 {[%clk 0:03:00]} 9. bxc3 {[%clk 0:02:56]}  Ba6 {[%clk 0:02:58]} 10. Bxa6 {[%clk 0:02:47]}  Nxa6 {[%clk 0:02:59]} 11. Qa4 {[%clk 0:02:42]}  Qc8 {[%clk 0:02:59]} 12. Ba3 {[%clk 0:02:38]}  Be7 {[%clk 0:02:59]} 13. dxc5 {[%clk 0:01:59]}  Nxc5 {[%clk 0:02:55]} 14. Bxc5 {[%clk 0:01:58]}  Bxc5 {[%clk 0:02:56]} 15. c4 {[%clk 0:01:57]}  O-O {[%clk 0:02:51]} 16. cxd5 {[%clk 0:01:52]}  Nb6 {[%clk 0:02:49]} 17. Qg4 {[%clk 0:01:48]}  Nxd5 {[%clk 0:02:46]} 18. Ne4 {[%clk 0:01:46]}  Be7 {[%clk 0:02:45]} 19. Rac1 {[%clk 0:01:43]}  Qb8 {[%clk 0:02:43]} 20. Qg3 {[%clk 0:01:31]}  Rc8 {[%clk 0:02:39]} 21. Rb1 {[%clk 0:01:08]}  Qc7 {[%clk 0:02:37]} 22. Rfc1 {[%clk 0:01:04]}  Qd7 {[%clk 0:02:35]} 23. Rd1 {[%clk 0:00:55]}  Qa4 {[%clk 0:02:24]} 24. Nd4 {[%clk 0:00:24]}  Rab8 {[%clk 0:02:17]} 25. Nf6+ {[%clk 0:00:19]}  Kh8 {[%clk 0:01:50]} 26. Nxd5 {[%clk 0:00:19]}  exd5 {[%clk 0:01:43]} 27. Nf5 {[%clk 0:00:19]}  Bf8 {[%clk 0:01:41]} 28. Re1 {[%clk 0:00:18]}  Qe4 {[%clk 0:01:35]} 29. f3 {[%clk 0:00:01]}  Qxf5 {[%clk 0:01:34]} 30. Rxb8 {[%clk 0:00:01]}  Rxb8 {[%clk 0:01:33]} 31. e6 {[%clk 0:00:02]}  Re8 {[%clk 0:01:33]} 32. e7 {[%clk 0:00:02]}  Bxe7 {[%clk 0:01:15]} 33. Kh1 {[%clk 0:00:01]}  Qd7 {[%clk 0:01:11]} 34. Qe5 {[%clk 0:00:01]}  Kg8 {[%clk 0:01:09]} 35. h4 {[%clk 0:00:01]}  d4 {[%clk 0:01:09]} 36. h5 {[%clk 0:00:00]}  h6 {[%clk 0:01:09]} 0-1

[Event "April 9 Late 2024"]
[Site "Chess.com"]
[Date "2024.04.09"]
[Round "1"]
[White "Olsen, Filip Boe"]
[Black "Deviprasath, Sharvesh"]
[Result "0-1"]
[Board "104"]
[WhiteFideId "1440640"]
[BlackFideId "30938228"]
[WhiteTitle "IM"]
[BlackTitle "FM"]
[WhiteElo "2700"]
[BlackElo "2386"]
[WhiteTeam "DEN"]
[BlackTeam "USA"]
[WhiteClock "0:00:18"]
[BlackClock "0:00:05"]
[Variant "Standard"]

1. c4 {[%clk 0:03:00]}  f5 {[%clk 0:02:59]} 2. Nf3 {[%clk 0:02:59]}  Nf6 {[%clk 0:02:59]} 3. g3 {[%clk 0:02:59]}  e6 {[%clk 0:02:59]} 4. Bg2 {[%clk 0:03:00]}  Be7 {[%clk 0:02:59]} 5. O-O {[%clk 0:03:00]}  O-O {[%clk 0:03:00]} 6. d4 {[%clk 0:03:00]}  d6 {[%clk 0:03:00]} 7. Nc3 {[%clk 0:03:01]}  Ne4 {[%clk 0:03:00]} 8. Qc2 {[%clk 0:02:56]}  Nxc3 {[%clk 0:03:00]} 9. Qxc3 {[%clk 0:02:57]}  a5 {[%clk 0:02:59]} 10. Re1 {[%clk 0:02:52]}  Nc6 {[%clk 0:02:46]} 11. e4 {[%clk 0:02:50]}  e5 {[%clk 0:02:45]} 12. dxe5 {[%clk 0:02:46]}  dxe5 {[%clk 0:02:45]} 13. Nxe5 {[%clk 0:02:39]}  Bb4 {[%clk 0:02:41]} 14. Nxc6 {[%clk 0:02:26]}  Bxc3 {[%clk 0:02:40]} 15. Nxd8 {[%clk 0:02:26]}  Bxe1 {[%clk 0:02:40]} 16. Bg5 {[%clk 0:02:12]}  Bb4 {[%clk 0:02:26]} 17. Rd1 {[%clk 0:01:43]}  h6 {[%clk 0:02:17]} 18. Bf4 {[%clk 0:01:39]}  fxe4 {[%clk 0:02:06]} 19. Bxc7 {[%clk 0:01:23]}  Bg4 {[%clk 0:02:01]} 20. Rd5 {[%clk 0:01:21]}  Rc8 {[%clk 0:01:45]} 21. Bb6 {[%clk 0:01:21]}  Rxc4 {[%clk 0:01:36]} 22. h3 {[%clk 0:01:21]}  Bf3 {[%clk 0:01:27]} 23. Ne6 {[%clk 0:01:20]}  Rf6 {[%clk 0:01:14]} 24. Bxf3 {[%clk 0:00:31]}  exf3 {[%clk 0:01:09]} 25. Rd8+ {[%clk 0:00:28]}  Kf7 {[%clk 0:00:48]} 26. Nxg7 {[%clk 0:00:17]}  Kxg7 {[%clk 0:00:37]} 27. Bd4 {[%clk 0:00:17]}  Rxd4 {[%clk 0:00:34]} 28. Rxd4 {[%clk 0:00:18]}  Bc5 {[%clk 0:00:19]} 29. Rc4 {[%clk 0:00:18]}  b6 {[%clk 0:00:19]} 30. g4 {[%clk 0:00:17]}  Kg6 {[%clk 0:00:18]} 31. Re4 {[%clk 0:00:17]}  Kg5 {[%clk 0:00:16]} 32. Re5+ {[%clk 0:00:16]}  Kf4 {[%clk 0:00:12]} 33. Re8 {[%clk 0:00:16]}  Rd6 {[%clk 0:00:09]} 34. Re1 {[%clk 0:00:16]}  Rd2 {[%clk 0:00:09]} 35. Rf1 {[%clk 0:00:16]}  Rxb2 {[%clk 0:00:09]} 36. a4 {[%clk 0:00:17]}  Ra2 {[%clk 0:00:09]} 37. Rc1 {[%clk 0:00:16]}  Bxf2+ {[%clk 0:00:07]} 38. Kf1 {[%clk 0:00:16]}  Bd4 {[%clk 0:00:06]} 39. Rc4 {[%clk 0:00:17]}  Ke3 {[%clk 0:00:07]} 40. Rc1 {[%clk 0:00:17]}  Rf2+ {[%clk 0:00:06]} 41. Ke1 {[%clk 0:00:17]}  Re2+ {[%clk 0:00:06]} 42. Kf1 {[%clk 0:00:17]}  Rh2 {[%clk 0:00:05]} 43. Ke1 {[%clk 0:00:18]}  Rh1# {[%clk 0:00:05]} 0-1

[Event "April 9 Late 2024"]
[Site "Chess.com"]
[Date "2024.04.09"]
[Round "1"]
[White "Guillemette, Hugo"]
[Black "Tigran Mukhutdinov"]
[Result "0-1"]
[Board "105"]
[WhiteFideId "2636077"]
[BlackFideId "34108570"]
[WhiteTitle "CM"]
[BlackTitle "FM"]
[WhiteElo "2386"]
[BlackElo "2694"]
[WhiteTeam "CAN"]
[BlackTeam "RUS"]
[WhiteClock "0:00:08"]
[BlackClock "0:00:48"]
[Variant "Standard"]

1. e4 {[%clk 0:03:00]}  c5 {[%clk 0:03:00]} 2. Nf3 {[%clk 0:03:00]}  Nc6 {[%clk 0:03:00]} 3. Bb5 {[%clk 0:03:00]}  Na5 {[%clk 0:02:59]} 4. O-O {[%clk 0:02:55]}  a6 {[%clk 0:02:58]} 5. Be2 {[%clk 0:02:55]}  e6 {[%clk 0:02:59]} 6. d4 {[%clk 0:02:52]}  cxd4 {[%clk 0:02:59]} 7. Nxd4 {[%clk 0:02:52]}  Qc7 {[%clk 0:02:55]} 8. c3 {[%clk 0:02:44]}  b5 {[%clk 0:02:54]} 9. Nd2 {[%clk 0:02:40]}  Nf6 {[%clk 0:02:54]} 10. Bf3 {[%clk 0:02:35]}  e5 {[%clk 0:02:50]} 11. Nf5 {[%clk 0:02:32]}  g6 {[%clk 0:02:50]} 12. Ne3 {[%clk 0:02:30]}  Bg7 {[%clk 0:02:48]} 13. Nd5 {[%clk 0:02:28]}  Nxd5 {[%clk 0:02:48]} 14. exd5 {[%clk 0:02:29]}  d6 {[%clk 0:02:48]} 15. Ne4 {[%clk 0:02:26]}  O-O {[%clk 0:02:45]} 16. g3 {[%clk 0:02:05]}  h6 {[%clk 0:02:42]} 17. a4 {[%clk 0:01:54]}  f5 {[%clk 0:02:36]} 18. Nd2 {[%clk 0:01:53]}  e4 {[%clk 0:02:35]} 19. Bg2 {[%clk 0:01:53]}  Bb7 {[%clk 0:02:34]} 20. axb5 {[%clk 0:01:45]}  axb5 {[%clk 0:02:35]} 21. Nb3 {[%clk 0:01:42]}  Nc4 {[%clk 0:02:33]} 22. Rxa8 {[%clk 0:01:37]}  Rxa8 {[%clk 0:02:31]} 23. Nd4 {[%clk 0:01:33]}  Qb6 {[%clk 0:02:23]} 24. b3 {[%clk 0:01:28]}  Ne5 {[%clk 0:02:20]} 25. Be3 {[%clk 0:01:13]}  Qc7 {[%clk 0:02:09]} 26. Nxb5 {[%clk 0:01:11]}  Qd7 {[%clk 0:02:08]} 27. c4 {[%clk 0:01:06]}  Nd3 {[%clk 0:02:01]} 28. f3 {[%clk 0:01:00]}  exf3 {[%clk 0:01:51]} 29. Bxf3 {[%clk 0:01:01]}  Ne5 {[%clk 0:01:51]} 30. Bg2 {[%clk 0:01:00]}  Kh7 {[%clk 0:01:14]} 31. Bd4 {[%clk 0:00:58]}  Ra2 {[%clk 0:01:12]} 32. Rf2 {[%clk 0:00:33]}  Rxf2 {[%clk 0:01:07]} 33. Bxf2 {[%clk 0:00:33]}  Ba6 {[%clk 0:01:08]} 34. Nd4 {[%clk 0:00:33]}  Ng4 {[%clk 0:01:06]} 35. Ne6 {[%clk 0:00:26]}  Nxf2 {[%clk 0:01:02]} 36. Kxf2 {[%clk 0:00:27]}  Qa7+ {[%clk 0:01:02]} 37. Kf1 {[%clk 0:00:23]}  Be5 {[%clk 0:01:03]} 38. Bh3 {[%clk 0:00:16]}  Bc8 {[%clk 0:01:01]} 39. Kg2 {[%clk 0:00:15]}  Qb7 {[%clk 0:00:54]} 40. Kg1 {[%clk 0:00:14]}  Qe7 {[%clk 0:00:51]} 41. Nd4 {[%clk 0:00:12]}  Qa7 {[%clk 0:00:47]} 42. Kh1 {[%clk 0:00:10]}  Qxd4 {[%clk 0:00:47]} 43. Qxd4 {[%clk 0:00:10]}  Bxd4 {[%clk 0:00:48]} 44. b4 {[%clk 0:00:09]}  Kg7 {[%clk 0:00:48]} 45. b5 {[%clk 0:00:09]}  Kf6 {[%clk 0:00:48]} 46. Kg2 {[%clk 0:00:09]}  Ke5 {[%clk 0:00:49]} 47. Kf3 {[%clk 0:00:10]}  Bc5 {[%clk 0:00:49]} 48. Bf1 {[%clk 0:00:11]}  Kd4 {[%clk 0:00:49]} 49. Kf4 {[%clk 0:00:12]}  g5+ {[%clk 0:00:49]} 50. Kf3 {[%clk 0:00:12]}  Ke5 {[%clk 0:00:48]} 51. h4 {[%clk 0:00:12]}  g4+ {[%clk 0:00:48]} 52. Ke2 {[%clk 0:00:12]}  h5 {[%clk 0:00:47]} 53. Bg2 {[%clk 0:00:12]}  f4 {[%clk 0:00:47]} 54. gxf4+ {[%clk 0:00:08]}  Kxf4 {[%clk 0:00:48]} 0-1

[Event "April 9 Late 2024"]
[Site "Chess.com"]
[Date "2024.04.09"]
[Round "1"]
[White "Gerbelli Neto, Eduardo"]
[Black "Nazari, Arad"]
[Result "0-1"]
[Board "109"]
[WhiteFideId "2103281"]
[BlackFideId "12577324"]
[BlackTitle "IM"]
[WhiteElo "2381"]
[BlackElo "2682"]
[WhiteTeam "BRA"]
[BlackTeam "IRI"]
[WhiteClock "0:00:27"]
[BlackClock "0:00:41"]
[Variant "Standard"]

1. e4 {[%clk 0:02:57]}  c5 {[%clk 0:02:58]} 2. Nc3 {[%clk 0:02:56]}  d6 {[%clk 0:02:58]} 3. f4 {[%clk 0:02:56]}  g6 {[%clk 0:02:59]} 4. Nf3 {[%clk 0:02:56]}  Bg7 {[%clk 0:02:59]} 5. Bb5+ {[%clk 0:02:56]}  Bd7 {[%clk 0:02:59]} 6. Bc4 {[%clk 0:02:57]}  e6 {[%clk 0:02:59]} 7. O-O {[%clk 0:02:57]}  Ne7 {[%clk 0:02:59]} 8. d3 {[%clk 0:02:58]}  O-O {[%clk 0:03:00]} 9. Qe1 {[%clk 0:02:58]}  a6 {[%clk 0:03:00]} 10. a4 {[%clk 0:02:58]}  Nbc6 {[%clk 0:03:01]} 11. Qh4 {[%clk 0:02:53]}  Nd4 {[%clk 0:03:00]} 12. f5 {[%clk 0:02:51]}  gxf5 {[%clk 0:02:56]} 13. Bh6 {[%clk 0:02:44]}  Ng6 {[%clk 0:02:51]} 14. Qh5 {[%clk 0:02:44]}  b5 {[%clk 0:02:25]} 15. Bb3 {[%clk 0:02:11]}  b4 {[%clk 0:02:01]} 16. Ng5 {[%clk 0:01:49]}  bxc3 {[%clk 0:01:12]} 17. Bxg7 {[%clk 0:01:49]}  Kxg7 {[%clk 0:01:12]} 18. exf5 {[%clk 0:01:33]}  Nxf5 {[%clk 0:01:04]} 19. Qxh7+ {[%clk 0:01:14]}  Kf6 {[%clk 0:01:04]} 20. Ne4+ {[%clk 0:00:54]}  Ke7 {[%clk 0:00:57]} 21. g4 {[%clk 0:00:55]}  Rh8 {[%clk 0:00:52]} 22. Qxf7+ {[%clk 0:00:45]}  Kxf7 {[%clk 0:00:52]} 23. gxf5 {[%clk 0:00:45]}  Qh4 {[%clk 0:00:43]} 24. fxg6+ {[%clk 0:00:40]}  Kg7 {[%clk 0:00:44]} 25. Rf2 {[%clk 0:00:32]}  Raf8 {[%clk 0:00:43]} 26. Raf1 {[%clk 0:00:32]}  Rxf2 {[%clk 0:00:41]} 27. Rxf2 {[%clk 0:00:27]}  cxb2 {[%clk 0:00:41]} 0-1

[Event "April 9 Late 2024"]
[Site "Chess.com"]
[Date "2024.04.09"]
[Round "1"]
[White "Ballester Llagaria, Luis Eduardo"]
[Black "Schuster, Karsten"]
[Result "1-0"]
[Board "110"]
[WhiteFideId "2297620"]
[BlackFideId "4611071"]
[WhiteTitle "FM"]
[BlackTitle "FM"]
[WhiteElo "2679"]
[BlackElo "2380"]
[WhiteTeam "ESP"]
[BlackTeam "GER"]
[WhiteClock "0:02:30"]
[BlackClock "0:00:05"]
[Variant "Standard"]

1. e4 {[%clk 0:03:00]}  d5 {[%clk 0:01:43]} 2. exd5 {[%clk 0:03:00]}  Qxd5 {[%clk 0:01:42]} 3. Nf3 {[%clk 0:03:00]}  Bg4 {[%clk 0:01:41]} 4. Be2 {[%clk 0:03:01]}  c6 {[%clk 0:01:41]} 5. d4 {[%clk 0:03:01]}  Nf6 {[%clk 0:01:40]} 6. O-O {[%clk 0:03:01]}  e6 {[%clk 0:01:39]} 7. c4 {[%clk 0:03:01]}  Qd8 {[%clk 0:01:39]} 8. Nc3 {[%clk 0:03:01]}  Be7 {[%clk 0:01:39]} 9. Be3 {[%clk 0:03:01]}  O-O {[%clk 0:01:39]} 10. h3 {[%clk 0:03:02]}  Bh5 {[%clk 0:01:39]} 11. Qb3 {[%clk 0:03:03]}  Qb6 {[%clk 0:01:37]} 12. Rfd1 {[%clk 0:03:03]}  Qxb3 {[%clk 0:01:37]} 13. axb3 {[%clk 0:03:04]}  Nbd7 {[%clk 0:01:36]} 14. Ne5 {[%clk 0:03:00]}  Bxe2 {[%clk 0:01:34]} 15. Nxe2 {[%clk 0:03:01]}  a6 {[%clk 0:01:31]} 16. f4 {[%clk 0:02:55]}  Rfd8 {[%clk 0:01:27]} 17. Nc3 {[%clk 0:02:55]}  Nxe5 {[%clk 0:01:14]} 18. dxe5 {[%clk 0:02:56]}  Ne8 {[%clk 0:01:07]} 19. Bb6 {[%clk 0:02:55]}  Rxd1+ {[%clk 0:01:00]} 20. Rxd1 {[%clk 0:02:55]}  Bb4 {[%clk 0:00:53]} 21. Rd7 {[%clk 0:02:51]}  Bxc3 {[%clk 0:00:48]} 22. bxc3 {[%clk 0:02:52]}  g5 {[%clk 0:00:38]} 23. g3 {[%clk 0:02:50]}  gxf4 {[%clk 0:00:37]} 24. gxf4 {[%clk 0:02:51]}  Ng7 {[%clk 0:00:33]} 25. Kf2 {[%clk 0:02:51]}  Nf5 {[%clk 0:00:33]} 26. Rxb7 {[%clk 0:02:51]}  a5 {[%clk 0:00:32]} 27. Ra7 {[%clk 0:02:49]}  Rxa7 {[%clk 0:00:30]} 28. Bxa7 {[%clk 0:02:50]}  Kf8 {[%clk 0:00:22]} 29. Bb6 {[%clk 0:02:50]}  a4 {[%clk 0:00:16]} 30. bxa4 {[%clk 0:02:49]}  Ke8 {[%clk 0:00:17]} 31. a5 {[%clk 0:02:50]}  Kd7 {[%clk 0:00:18]} 32. a6 {[%clk 0:02:50]}  Kc8 {[%clk 0:00:18]} 33. Kf3 {[%clk 0:02:49]}  h5 {[%clk 0:00:16]} 34. Ke4 {[%clk 0:02:46]}  Kb8 {[%clk 0:00:17]} 35. Kd3 {[%clk 0:02:43]}  Ka8 {[%clk 0:00:18]} 36. Kc2 {[%clk 0:02:43]}  Kb8 {[%clk 0:00:18]} 37. Kb3 {[%clk 0:02:44]}  Ne3 {[%clk 0:00:19]} 38. Kb4 {[%clk 0:02:43]}  Ng2 {[%clk 0:00:15]} 39. Kc5 {[%clk 0:02:40]}  Nxf4 {[%clk 0:00:15]} 40. Kxc6 {[%clk 0:02:40]}  Nxh3 {[%clk 0:00:15]} 41. Kd7 {[%clk 0:02:38]}  Nf4 {[%clk 0:00:15]} 42. Bd8 {[%clk 0:02:36]}  Nd3 {[%clk 0:00:12]} 43. Kd6 {[%clk 0:02:32]}  Ka7 {[%clk 0:00:12]} 44. c5 {[%clk 0:02:31]}  Kxa6 {[%clk 0:00:12]} 45. c6 {[%clk 0:02:32]}  Nf4 {[%clk 0:00:11]} 46. c7 {[%clk 0:02:30]}  Kb7 {[%clk 0:00:05]} 47. Kd7 {[%clk 0:02:30]} 1-0